The Miracle of the Immune System (Record no. 586776)

000 -LEADER
fixed length control field 00349nam a22001337a 4500
020 ## - INTERNATIONAL STANDARD BOOK NUMBER
International Standard Book Number 9788187570837
040 ## - CATALOGING SOURCE
Transcribing agency NUST
082 ## - DEWEY DECIMAL CLASSIFICATION NUMBER
Classification number 616.079 YAH
100 ## - MAIN ENTRY--PERSONAL NAME
Personal name Yahya, Harun
9 (RLIN) 84221
245 ## - TITLE STATEMENT
Title The Miracle of the Immune System
260 ## - PUBLICATION, DISTRIBUTION, ETC.
Place of publication, distribution, etc. INDIA:
Name of publisher, distributor, etc. Good Word,
Date of publication, distribution, etc. 2008.
650 ## - SUBJECT ADDED ENTRY--TOPICAL TERM
Topical term or geographic name entry element Immune system. Immunity. Immune System
9 (RLIN) 88880
942 ## - ADDED ENTRY ELEMENTS (KOHA)
Source of classification or shelving scheme
Koha item type Book
Holdings
Withdrawn status Lost status Source of classification or shelving scheme Damaged status Not for loan Permanent Location Current Location Shelving location Date acquired Full call number Barcode Date last seen Price effective from Koha item type Public note
          College of Electrical & Mechanical Engineering (CEME) College of Electrical & Mechanical Engineering (CEME) General Stacks 11/16/2021 616.079 YAH CEME-50584 11/16/2021 11/16/2021 Book 4.0
© 2023 Central Library, National University of Sciences and Technology. All Rights Reserved.